OPAC Home

නීති ප්‍රවේශය නියත ජයමඟ ( පස්වන කොටස ) ශ්‍රී ලංකා ප්‍ර‍ජාතාන්ත්‍රික සමාජවාදී ජන රජයට පාර්ලිමේන්තුවේ ස්ථාවර නියෝග -1 (Record no. 131201)

MARC details
000 -LEADER
fixed length control field 00814nam a2200169Ia 4500
003 - CONTROL NUMBER IDENTIFIER
control field LK-CoDNM
008 - FIXED-LENGTH DATA ELEMENTS--GENERAL INFORMATION
fixed length control field 010623t2011 xxu||||| |||| 00| 1 sin d
040 ## - CATALOGING SOURCE
Original cataloging agency LK-CoDNM
Modifying agency LK-CoDNM
Description conventions LK-CoDNM
041 ## - LANGUAGE CODE
Language code of text/sound track or separate title Sinhala; Sinhalese
080 ## - UNIVERSAL DECIMAL CLASSIFICATION NUMBER
Universal Decimal Classification number 34
Item number JAY
942 ## - ADDED ENTRY ELEMENTS (KOHA)
Koha item type Books
100 ## - MAIN ENTRY--PERSONAL NAME
Personal name Jayathunga,S.G
245 ## - TITLE STATEMENT
Title නීති ප්‍රවේශය නියත ජයමඟ ( පස්වන කොටස ) ශ්‍රී ලංකා ප්‍ර‍ජාතාන්ත්‍රික සමාජවාදී ජන රජයට පාර්ලිමේන්තුවේ ස්ථාවර නියෝග -1
246 ## - VARYING FORM OF TITLE
Title proper/short title Nithi Prawesha Niyatha Jayamaga ( Paswana Kotasa)Sri Lanka Prajathantrika Samajawadi Janarajaye Parlimenthuwe Sthawara Niyoga-1
260 ## - PUBLICATION, DISTRIBUTION, ETC. (IMPRINT)
Name of publisher, distributor, etc. Kathru Prakashana
Place of publication, distribution, etc. Piliyandala
Date of publication, distribution, etc. 2011
300 ## - PHYSICAL DESCRIPTION
Other physical details 157, 21 cm
Holdings
Withdrawn status Lost status Damaged status Not for loan Collection code Permanent Location Current Location Date acquired Full call number Barcode Koha item type
        Monographs Library National Museum Colombo - Sri Lanka Library National Museum Colombo - Sri Lanka 2023-08-02 34 JAY 155375 Books
Copyright © 2023 Department of National Museum, Colombo 07, Sri Lanka Funded by UNESCO IFAP UNESCO